Assertio Veteris Ac Veri Christianismi, Adversvs nouum & fictum Iesuitismum seu societatem Iesv. I. Iohan. I. V.6. Si dìxerimus' nos habere focíeratem cuni Deo,öc in tenebtis incedimus, mentii mur,nec fmccrè agimus.

Podrobná bibliografia
Hlavný autor: Boquin, Pierre, 1510 - 1611 (Autor, Dedikátor)
Korporatívny autor: Marschall, Jean (Tlačiar)
Ďalší autori: Marschall, Jean, 1510-1590 (Tlačiar)
Médium: Kniha
Jazyk:latinčina
Fyzický popis:110 , [1] s. 8° 17 cm
Vydavateľské údaje: [Heidelberg] Apud Ioannem Mareschallum, Lugdunensem. M. D. LXXVI.[=1576]
Predmet:

MARC

LEADER 00000nam a2200000 a 4500
001 vtls011543962
003 SK-MaSNL
005 20260302022445.0
008 251112s1576 gw 000 0 lat
015 |a SNBHFA1576 
020 |q (viaz.) 
035 |a 635521E8-A53A-4961-A40F-577AFD48452F 
035 |a urn:nbn:sk:snk-amtfsl 
035 |a urn:nbn:sk:snk-am00cagb 
040 |a SNKHFA  |b slo  |c HKF  |e AACR2 
041 0 |a lat 
044 |a gw  |c DE 
072 7 |a 27-78  |x Kresťanské združenia, spolky a organizácie. Rehoľné rády  |2 konspekt 
080 |a 27-789.5  |2 2011 
080 |a 27  |2 2011 
080 |a 2-788  |2 2011 
100 1 |a Boquin, Pierre,  |d 1510 - 1611  |4 aut  |9 668004 
245 1 0 |a Assertio Veteris Ac Veri Christianismi, Adversvs nouum & fictum Iesuitismum seu societatem Iesv. I. Iohan. I. V.6. Si dìxerimus' nos habere focíeratem cuni Deo,öc in tenebtis incedimus, mentii mur,nec fmccrè agimus.  |c Authore P. Boquino Biturigo, sacrarum literarum in Academia Heydelbergensi professore 
260 |a [Heidelberg]  |b Apud Ioannem Mareschallum, Lugdunensem.  |c M. D. LXXVI.[=1576] 
300 |a 110 , [1] s.  |c 8°  |c 17 cm 
500 |a Ozdobné iniciálky na 4 riadky 
501 |a Príväzok 2. k: FISCHART, Johannes. Fides Iesv Et Iesvitarvm. Straßburg : Bernhard Jobin, 1578.  |5 SNK ID 99288/prív.2 
504 |a Tlačené marginálie v latinskom jazyku, kustody 
508 |a Predslov 
508 |a Ded.:Boquin, Pierre;Sayn-Wittgenstein, Ludwig Graf zu 
510 4 |a VD 16  |c ZV/26434 
546 |a Latinčina  |b Fraktura 
561 |a Exemplár z Lontovskej knižnice.  |5 SNK ID 99288/prív.2 
610 2 7 |a Jezuiti  |2 SNKKA  |9 30953 
650 0 7 |a kresťanstvo  |2 SNKPH  |9 2024 
650 0 7 |a rehoľné rády  |2 SNKPH  |9 67509 
700 1 |a Boquin, Pierre,  |d 1510 - 1611  |4 dto  |9 668004 
700 1 |a Marschall, Jean,  |d 1510-1590  |4 prt  |9 668005 
700 1 |a Sayn-Wittgenstein, Ludwig Graf zu,  |d 1532-1605  |4 hnr  |9 668006 
710 2 |a Lontovska knižnica (Lontov, Slovensko)  |4 fmo  |9 341279 
710 0 |a Marschall, Jean,  |d 1571-1588  |4 prt  |9 668007 
752 |a Nemecko  |d Heidelberg 
852 |a snk  |b Lontovská knižnica  |p ID 99288/prív.2 
958 |a ONDV 
999 |c 1032811  |d 1034741 
952 |t Al 17666  |a SNK  |b SNK  |c SNK_HF  |y PREZ  |7 0  |p 17A1128540  |o snkID 99288/prív.2  |i snk2016/8957  |8 5  |0 0  |1 0  |4 0  |d 2016-04-07  |f 1  |l 0  |r 2026-02-24 13:59:33  |w 2026-02-24